| 000 | 00750nam a22002177a 4500 | ||
|---|---|---|---|
| 005 | 20251108170521.0 | ||
| 008 | 250721s1992 xx 000 0 ara d | ||
| 082 | 1 | 4 | _a329.9565/عيا |
| 100 | 1 |
_aعياد، رناد الخطيب _eمؤلف |
|
| 245 | 1 | 0 | _aالتيارات السياسية في الأردن و نص قانون الأحزاب / |
| 264 | 1 |
_aعمان : _bد.ن، _c1992. |
|
| 300 | _a2ج. | ||
| 650 | 1 | 7 | _aالأحزاب السياسية |
| 650 | 1 | 7 | _aالأردن |
| 650 | 1 | 7 | _aالتيارات السياسية |
| 650 | 1 | 7 | _aالسياسيون |
| 650 | 1 | 7 | _aالإنتماء السياسي |
| 650 | 1 | 7 | _aالحكومات الإئتلافية الميثاق الوطني الأردني |
| 942 |
_2ddc _cBK |
||
| 999 |
_c42405 _d42405 |
||